Statistics for Most Common Elements in the Universe

Click here to take the quiz!

General Stats

  • This quiz has been taken 55 times
  • The average score is 6 of 10

Answer Stats

Parts per Million Element % Correct
750,000Hydrogen
96%
10,000Oxygen
91%
230,000Helium
89%
5,000Carbon
89%
1,000Nitrogen
61%
1,100Iron
52%
1,300Neon
48%
700Silicon
26%
500Sulfur
22%
600Magnesium
15%

Score Distribution

Percentile by Number Answered

Percent of People with Each Score

Your Score History

You have not taken this quiz